Jauni darbi baltistikā
| Titel: | Jauni darbi baltistikā |
|---|---|
| Verfasser: | |
| In: |
Latvijas Zinātņu Akadēmija: Latvijas Zinātnu Akadēmijas vēstis. A daļa, Sociālās un humanitārās zinātnes, Heft 11/12 (580/581) (1995), Seite 82-83 alle Artikel anzeigen |
| Veröffentlicht: | 1995 |
| Format: | Aufsatz |
| Sprache: | Lettisch |
X
alg: 39474447
001A $01999:12-11-16
001B $01999:03-08-21 $t21:01:05.000
001C $06050:19-11-16 $t09:35:52.000
001D $01999:12-11-16
001U $0utf8
001X $00
002@ $0Aox
003@ $0394744470
007A $0394744470 $aHEB
007T $0Herd60218
010@ $alav
011@ $a1995
021A $aJauni darbi baltistikā
027A $aNeue Arbeiten in der Baltistik
028A $aRudzīte $dMarta
031A $e11/12 (580/581) $h82-83 $j1995
039B $aIn $8--Abvc--Latvijas Zinātņu Akadēmija [Tb1]. Latvijas Zinātnu Akadēmijas vēstis. A daļa, Sociālās un humanitārās zinātnes. - Rīgā, 1992-. - ISSN 0868-6556 $x199500000000011918 $9048608599
039T $8--Aau--. Die @baltischen Sprachen. - 1. Aufl.. - Leipzig {[u.a.] : Langenscheidt, 1994. - 416 S.. - ISBN 3-324-00605-8 $9032405693
045F $a900.94793 $eDDC23BSB
045F/01 $a900
045F/03 $g4793
045F/03 $g4796
045T $a24 $a7,44
046C $aNeue Arbeiten in der Baltistik $bÜbers. des Hauptsacht.
lok: 39474447 78
exp: 39474447 78 1 #EPN
201B/01 $018-11-16 $t12:35:40.000
201U/01 $0utf8
203@/01 $0791043088
208@/01 $a12-11-16 $be
209A/01 $a/ $f000 $x00
220C/01 $aTitelaufnehmer: pk
244Z/01 $2Trx $#Litauen $#Lithuania $#Litwa $#Litva $#Litva $8--Trx--Lietuva $x01 $9391193457
244Z/01 $2Trx $#Latvija $#Lettland $#Łotwa $#Lotyšsko $8--Trx--Latvija $x02 $9391275879
244Z/01 $2Trx $#arvustused $#recenzijos $#Reviews $#recenziók $#recenzje $#recenzie $#recenze $8--Trx--Rezensionen $x03 $9391357441
247C/01 $82080>Marburg/Lahn, Herder-Institut, Forschungsbibliothek, Bibliographieportal $9336309341
| LEADER | 00000caa a22000002c 4500 | ||
|---|---|---|---|
| 001 | 394744470 | ||
| 003 | DE-603 | ||
| 005 | 20210803210105.0 | ||
| 007 | tu | ||
| 008 | 161112s1995 xx |||| | u00||u|lav c | ||
| 035 | |a (DE-599)HEB394744470 | ||
| 040 | |a DE-603 |b ger |c DE-603 |d DE-603 | ||
| 041 | |a lav | ||
| 082 | 0 | 4 | |8 1\u |a 900.94793 |q DE-101 |2 23/BSB |
| 084 | |a 24 |a 7,44 |2 ssgn | ||
| 085 | |8 1\u |b 900 | ||
| 085 | |8 1\u |z 2 |s 4793 | ||
| 085 | |8 1\u |z 2 |s 4796 | ||
| 100 | 1 | |a Rudzīte, Marta | |
| 245 | 0 | 0 | |a Jauni darbi baltistikā |
| 246 | 1 | |i Übers. des Hauptsacht. |a Neue Arbeiten in der Baltistik | |
| 246 | 1 | 3 | |a Neue Arbeiten in der Baltistik |
| 264 | 0 | |c 1995 | |
| 773 | 0 | 8 | |i In |a Latvijas Zinātņu Akadēmija |t Latvijas Zinātnu Akadēmijas vēstis. A daļa, Sociālās un humanitārās zinātnes |d Rīgā, 1992- |x 0868-6556 |g Heft 11/12 (580/581) (1995), Seite 82-83 |w (DE-603)048608599 |w (DE-600)1116654-X |
| 787 | 0 | 8 | |i Rezension von |t Die baltischen Sprachen |b 1. Aufl. |d Leipzig [u.a.] : Langenscheidt, 1994 |h 416 S. |z 3324006058 |w (DE-603)032405693 |
| 924 | 0 | |9 2080 |a (DE-603)791043088 |b DE-2080 |c HES |d d |g / | |


